Classifica Marcatori Bundesliga 2011-2012 - Statistics

Statistiche generali
  • Questo quiz è stato fatto 4 volte
  • Il punteggio medio è 11 su 15
Statistiche sulle risposte
Gol Nazione Squadra Calciatore % Corretto
18 Perù Werder Brema Claudio Pizarro
100%
29 Paesi Bass Schalke 04 Klaas-Jan Huntelaar
100%
22 Polonia Borussia Dortmund Robert Lewandowski
100%
12 Paesi Bassi Bayern Monaco Arjen Robben
75%
12 Francia Bayern Monaco Franck Ribéry
75%
18 Germania Colonia Lukas Podolski
75%
18 Germania Borussia M'gladbach Marco Reus
75%
26 Germania Bayern Monaco Mario Gómez
75%
15 Spagna Schalke 04 Raúl
75%
13 Giappone Borussia Dortmund Shinji Kagawa
75%
13 Bosnia ed Erzegovina Stoccarda Vedad Ibišević
75%
17 Austria Stoccarda Martin Harnik
50%
16 Germania Bayer Leverkusen Stefan Kießling
50%
12 Croazia Wolfsburg Mario Mandžukić
25%
12 Germania Wolfsburg Patrick Helmes
25%
Nessun quiz corrispondente trovato
Distribuzione punteggi
Percentuale di utenti per punteggio
Percentile per numero di risposta
I tuoi punteggi nel tempo
Non hai fatto questo quiz